US Census Race Categories Quiz Stats

 Plays Quiz Updated Jun 11, 2019

Score 0/7 Timer 02:00
0 Plays Today
Race % Correct
Black or African American
99.5%
White
99.5%
Asian
95.9%
Some Other Race (including Hispanic, Latino, Wesort, etc)
94.8%
American Indian
84.9%
Native Hawaiian and Other Pacific Islander
48.4%
Two Or More Races
25.8%

You're not logged in!

Compare scores with friends on all Sporcle quizzes.
OR
Log In

Sporcle TV

Today on Sporcle TV


Watch our educational content, quiz creation guides, and fun videos on Sporcle TV.

Show Comments

Extras

Top Quizzes Today


Score Distribution

Your Account Isn't Verified!

In order to create a playlist on Sporcle, you need to verify the email address you used during registration. Go to your Sporcle Settings to finish the process.

Report this User

Report this user for behavior that violates our Community Guidelines.

Details: